South Africa's Borders Quiz Stats

 Plays Quiz Updated Jul 2, 2018

Score 0/6 Timer 01:00
13 Plays Today
Country % Correct
Lesotho
94%
eSwatini
89.2%
Zimbabwe
87%
Namibia
86.8%
Botswana
82.7%
Mozambique
82.3%

You're not logged in!

Compare scores with friends on all Sporcle quizzes.
OR
Log In

You Might Also Like...

Show Comments

Extras

Top Quizzes Today


Score Distribution

Your Account Isn't Verified!

In order to create a playlist on Sporcle, you need to verify the email address you used during registration. Go to your Sporcle Settings to finish the process.

Report this User

Report this user for behavior that violates our Community Guidelines.

Details: